Numbers from 0 to 10 in every romance languages - Statistics

General Stats
  • This quiz has been taken 316 times
  • The average score is 50 of 66
Answer Stats
Hint Answer % Correct
Catalan un
100%
French un
100%
Italian tre
99%
Spanish uno
98%
Italian uno
98%
Spanish dos
97%
Catalan dos
97%
Portuguese três
97%
Spanish tres
97%
Catalan tres
97%
Catalan cinc
96%
Italian sei
95%
Portuguese cinco
94%
Spanish cinco
94%
Portuguese zero
92%
Catalan zero
92%
French zéro
92%
Italian zero
92%
Romanian zero
92%
French cinq
91%
Spanish cuatro
91%
Portuguese seis
91%
Spanish seis
91%
Spanish ocho
90%
Catalan deu
89%
Spanish nueve
89%
French deux
88%
French trois
88%
Catalan quatre
87%
French quatre
87%
Spanish siete
86%
French sept
84%
Catalan set
84%
French huit
83%
French six
83%
Spanish diez
82%
French neuf
82%
French dix
81%
Italian due
81%
Portuguese quatro
81%
Italian quattro
78%
Italian cinque
77%
Portuguese nove
76%
Italian nove
76%
Italian otto
76%
Spanish cero
73%
Italian sette
73%
Romanian doi
71%
Portuguese um
70%
Italian dieci
66%
Portuguese dois
63%
Portuguese sete
60%
Portuguese oito
57%
Portuguese dez
55%
Catalan sis
51%
Catalan nou
45%
Romanian trei
44%
Romanian cinci
39%
Romanian patru
39%
Romanian opt
36%
Romanian șapte
35%
Romanian nouă
33%
Romanian șase
33%
Catalan vuit
33%
Romanian zece
33%
Romanian unul
24%
No matching quizzes found
Score Distribution
Percent of People with Each Score
Percentile by Number Answered
Your Score History
You have not taken this quiz